El triticale; un cereal de origen citogenético

Guardat en:
Dades bibliogràfiques
Autor principal: Bernardo, Angeles (Autor)
Format: Llibre
Idioma:espanyol
Publicat: Madrid Ministerio de Agricultura, Pesca y Alimentación 1990
Col·lecció:Monografías I.N.I.A., 70
Matèries:
Etiquetes: Afegir etiqueta
Sense etiquetes, Sigues el primer a etiquetar aquest registre!

MARC

LEADER 00000nam a2200000 a 4500
001 UCV7358
003 CL-VaPUC
008 911004e19900000SP |||||||||||||||||spa|d
082 0 4 |a 633.11  |b BER  |2 21 
100 0 |a Bernardo, Angeles  |e author  |9 301457 
245 1 3 |a El triticale; un cereal de origen citogenético 
300 |a 36 p 
942 |c BK 
945 |d 19911004 00:00:00 
260 |a Madrid  |b Ministerio de Agricultura, Pesca y Alimentación  |c 1990 
650 7 |a TRITICALE  |2 CL-VaPUC  |9 264677 
650 0 |a Hibridación vegetal  |9 264678 
583 |a last modification  |c 19911004 00:00:00  |k Rodrigo Vera 
490 0 |a Monografías I.N.I.A., 70 
999 |c 213050  |d 213048